00681nam a2200181 a 450000100100000000500170001000800410002704000250006808200150009311000330010824000180014124501140015926000390027330000200031270000370033295201130036999900170048200004504120201002045828.0150129s2003 dr 000 0 spa d aDO-SdBNPbspacBNPHU axxxxbxxxx1 aRepública Dominicana.944712a[Leyes, etc.]10aCompendio de legislación para contadores de la República Dominicana /c[revisada por Sergio A. Ortiz V.]. aSanto Domingo :bTavárez,c2003. a76 p. ;c21 cm.1 aOrtiz V., Sergio A.erev.973038 0010718PDaPDbPDcCTd2015-01-29iLF1l0oxxxx xxxxp45041-10r2020-06-25w2020-06-25yLFPDZNo se presta c44530d44530